| 000 | 00626cas a22002055a 4500 | ||
|---|---|---|---|
| 001 | L138756 | ||
| 008 | 070709d19992001xxkfr p 0 a0eng u | ||
| 035 | _a(Sirsi) u138756 | ||
| 041 | 0 | _aeng | |
| 110 | 2 |
_aRoyal Institution of Chartered Surveyors _bMiddlesex and Urban Essex Branch _95196 |
|
| 245 | 0 | 0 | _aIn the Slips |
| 260 |
_aIngatestone _bRICS _c1999-2001 |
||
| 362 | 0 | _a(1) May 1999-(4) July 2000 | |
| 520 | _aCompliments the Branch Newsletter 'Outside Edge'. | ||
| 554 | _aTwo per year | ||
| 651 | 4 | _aMiddlesex | |
| 651 | 4 | _aEssex | |
| 690 | _aMANAGEMENT-BUSINESS MANAGEMENT-PROFESSIONAL PRACTICE | ||
| 942 | _n0 | ||
| 999 |
_c119024 _d119024 |
||